000 00709nam a2200205Ia 4500
003 GCL
008 140319s9999 xx 000 0 ara d
040 _aGCL /
_cGCL
082 0 4 _a791.4352
_bهـ ن
100 1 _aهاشم النحاس
245 1 0 _aنجيب محفوظ فى السينما المصرية :
_bما قبل نوبل وبعدها /
_cهاشم النحاس
260 _aالقاهرة :
_bالمجلس الاعلى للثقافة ،
_c1997
300 _a94 ص ؛
_c24 سم
650 0 4 _aالحبكة الروائية
650 0 4 _aالافلام السينمائية
650 0 4 _aالادباء العرب
650 0 4 _aنجيب محفوظ
650 0 4 _aالافلام
942 _2ddc
_cBK
999 _c9803
_d9803